Radikálová polymerizácia v disperzných systémoch /

Guardado en:
Detalles Bibliográficos
Autores principales: Bartoň, Jaroslav (Autor), Capek, Ignác (Autor)
Formato: Libro
Lenguaje:eslovaco
Publicado: Bratislava : Veda, 1991
Etiquetas: Agregar Etiqueta
Sin Etiquetas, Sea el primero en etiquetar este registro!

MARC

LEADER 00000nam a22000003a 4500
001 stu17911
005 20150617225755.9
008 ------s1991----cs------------------slo-d
020 |a 80-224-0120-X 
040 |a STU  |b slo 
041 0 |a slo 
044 |a cs 
080 |a 541.49:541.64 
080 |a 541.64:541.49 
100 1 |a Bartoň, Jaroslav  |4 aut 
245 1 |a Radikálová polymerizácia v disperzných systémoch /  |c [aut.]Bartoň,Jaroslav, Capek,Ignác 
260 |a Bratislava :  |b Veda,  |c 1991 
300 |a 315 s :  |b Tab.,grafy,lit.,index 
700 1 |a Capek, Ignác  |4 aut 
996 |b C88224  |c C*88224  |l CCXXIVB  |s P  |a 0  |w stu17911_0001